[Event "IV World Blitz"]
[Site "Almaty KAZ"]
[Date "2008.11.08"]
[Round "13"]
[White "Kamsky,G"]
[Black "Mamedyarov,S"]
[Result "1-0"]
[WhiteElo "2729"]
[BlackElo "2731"]
[EventDate "2008.11.08"]

1. d4 Nf6 2. Nf3 g6 3. c4 Bg7 4. Nc3 O-O 5. g3 c6 6. Bg2 d5 7. cxd5 cxd5 8.
Ne5 e6 9. Bg5 Qb6 10. Qd2 Nc6 11. Nxc6 Qxc6 12. O-O Bd7 13. Bh6 b5 14. Bxg7
Kxg7 15. a3 Rac8 16. Rfc1 Qb6 17. e3 a5 18. Ne2 b4 19. axb4 axb4 20. Nf4
Ne4 21. Qe1 b3 22. Nd3 Bc6 23. Bxe4 dxe4 24. Nc5 Bd5 25. Nd7 Qb7 26. Qc3
1-0